Julio Nudler : [interview].

Esteban Peicovich interviews essayist and journalist Julio Nudler. Nudler was born in Buenos Aires, Argentina in 1941 and received his degree in Political Economics at the University of Buenos Aires. He was once editor for the Economics section of La Opinion and later a correspondent for Clarin whi...

Full description

Bibliographic Details
Corporate Author: Texas A & M University. Libraries
Other Authors: Peicovich, Esteban (Interviewer)
Format: CD Audio Book
Language:Spanish
Published: [Place of publication not identified] : [publisher not identified] ; [2007]
Series:Colección Los Palabristas ; 600.
Subjects:

MARC

Tag First Indicator Second Indicator Subfields
LEADER 00000cim a2200000Ia 4500
001 in00002781168
005 20151202170853.0
007 sd fungnn|||ee
008 120522s2007 txunnnn t n spa d
035 |a (OCoLC)ocn794059494 
035 |a (OCoLC)794059494 
040 |a TXA  |c TXA  |d UtOrBLW 
043 |a s-ag--- 
049 |a TXAM 
090 |a PQ7081.A1  |b C54 2007 no. 600 
100 1 |a Nudler, Julio,  |d 1941-  |e interviewee. 
245 1 0 |a Julio Nudler :  |b [interview]. 
264 1 |a [Place of publication not identified] :  |b [publisher not identified] ;  |c [2007] 
300 |a 1 sound disc (56 min., 18 sec.) :  |b digital ;  |c 4 3/4 in. 
306 |a 005618 
336 |a spoken word  |b spw  |2 rdacontent 
337 |a audio  |b s  |2 rdamedia 
338 |a audio disc  |b sd  |2 rdacarrier 
490 1 |a Colección Los Palabristas ;  |v 600 
511 0 |a Interviewer, Esteban Peicovich ; interviewee, Julio Nudler. 
500 |a Recordable compact disc. 
518 |a Originally broadcast from Buenos Aires, Argentina on August 9, 2000 as a segment of the radio program Los Palabristas. 
520 |a Esteban Peicovich interviews essayist and journalist Julio Nudler. Nudler was born in Buenos Aires, Argentina in 1941 and received his degree in Political Economics at the University of Buenos Aires. He was once editor for the Economics section of La Opinion and later a correspondent for Clarin while in Spain. In 1990 he became an editor for Pagina 12. Besides his columns on Economics, he has published articles and critiques on tango. Nudler has recently published Tango Judio: Del ghetto a la milonga, a book about tango in the Jewish community. Nudler talks about various aspects of his career as an economic journalist. He talks about politics, objectivity, subjectivity, what he enjoys about his work, information analysis, the loss of artistic dimension in journalism, and about journalistic approach. Peicovich gives a brief description about Nudler's book, Tango Judio. Nudler talks about his interest in tango and shares what he hopes to transcend through his book. He explains the relationship between tango and a Jew, and reads his own work. 
534 |p Reproduction.  |a Nudler, Julio, 1941-  |t Julio Nudler.  |c [2000]  |e 1 sound cassette : analog. 
500 |a Converted with permission from sound cassette to compact disc by the Texas A&M University Libraries. 
500 |a Sound recording. 
600 1 0 |a Nudler, Julio,  |d 1941-  |v Interviews. 
650 0 |a Essayists  |z Argentina  |v Interviews. 
650 0 |a Journalists  |z Argentina  |v Interviews. 
655 7 |a Radio interviews.  |2 lcgft 
700 1 |a Peicovich, Esteban,  |e host,  |e interviewer. 
710 2 |a Texas A & M University.  |b Libraries. 
730 0 |a Palabristas. 
830 0 |a Colección Los Palabristas ;  |v 600. 
948 |a cataloged  |b h  |c 2012/5/22  |d o  |e jgreene  |f 9:16:58 am 
994 |a C0  |b TXA 
999 |a MARS 
999 f f |s 2955dc72-fb89-3dbd-971c-9653a268ca8b  |i 959d06c2-9d27-3696-872e-fd89bbeead44  |t 0 
952 f f |p noncirc  |a Texas A&M University  |b College Station  |c Cushing Memorial Library & Archives  |d Cushing: Area Studies/Hispanic (Does not check out)  |t 0  |e PQ7081.A1 C54 2007 no. 600  |h Library of Congress classification  |i audio -- audio disc  |m A14837891251 
998 f f |a PQ7081.A1 C54 2007 no. 600  |t 0  |l Cushing: Area Studies/Hispanic (Does not check out)